日本でアクセス数の多いアダルトサイト - Statistics

General Stats
  • This quiz has been taken 372 times
  • The average score is 3 of 11
Answer Stats
順位 頭文字 答え ドメイン % Correct
1 D dmm .co.jp
81%
5 P pornhub .com
80%
6 X xvideos .com
62%
2 M missav .com
55%
7 D dlsite .com
23%
8 S spankbang .com
14%
11 M momon-ga .com
6%
3 S stripchat .com
4%
4 C cityheaven .net
2%
10 E eroterest .net
2%
9 D doorblog .jp
0%
No matching quizzes found
Score Distribution
Percent of People with Each Score
Percentile by Number Answered
Your Score History
You have not taken this quiz